|
|
|
|
| LEADER |
01346nam a2200301 u 4500 |
| 001 |
10005848 |
| 003 |
upatras |
| 005 |
20210117203818.0 |
| 008 |
881025s1993 us eng |
| 020 |
|
|
|a 0792392973
|
| 040 |
|
|
|a GR-PaULI
|c GR-PaULI
|
| 041 |
0 |
|
|a eng
|
| 082 |
0 |
4 |
|a 006.32
|
| 100 |
1 |
|
|a Karayiannis, N. B.
|9 115961
|
| 245 |
1 |
0 |
|a Artificial neural networks
|b learning algorithms, performance evaluation, and applications
|c by N.B. Karayiannis, Anastasios N. Venetsanopoulos
|
| 260 |
|
|
|a Boston
|b Kluwer Academic Publishers
|c 1993
|
| 300 |
|
|
|a xii, 440 p.
|b fig.
|c 25 cm
|
| 490 |
0 |
|
|a The Kluwer international series in engineering and computer science
|
| 505 |
1 |
|
|a Includes references, subject and author index
|
| 650 |
|
4 |
|a Αλγόριθμοι
|9 1123
|
| 650 |
|
4 |
|a Νευρωνικά δίκτυα (Επιστήμη των υπολογιστών)
|9 1247
|
| 650 |
|
4 |
|9 84642
|a Τεχνητή νοημοσύνη
|
| 700 |
1 |
|
|a Venetsanopoulos, A. N.
|9 109288
|
| 760 |
1 |
|
|a The Kluwer international series in engineering and computer science
|
| 852 |
|
|
|a GR-PaULI
|b ΠΑΤΡΑ
|b ΒΚΠ
|b ΒΣ1
|k ΑΣΧΞ
|h 006.32 K
|m 16529
|p 025000055774
|t 1
|
| 942 |
|
|
|2 ddc
|c BK15
|
| 952 |
|
|
|0 0
|1 0
|4 0
|6 006_320000000000000_K
|7 0
|9 126500
|a LISP
|b LISP
|c BSC
|d 2016-04-24
|i 16529
|l 0
|o 006.32 K
|p 025000055774
|r 2016-04-24 00:00:00
|t 1
|w 2016-04-24
|y BK15
|
| 999 |
|
|
|c 82958
|d 82958
|